| 000 | 01064nam a22002657a 4500 | ||
|---|---|---|---|
| 999 |
_c65924 _d65924 |
||
| 005 | 20240530110850.0 | ||
| 008 | 200912s2019 ua a f b 000 0dara d | ||
| 017 |
_a2018/22707 _bمصر. دار الكتب |
||
| 020 | _a9789777801485 | ||
| 040 |
_aEG-CaGPL _cEG-CaGPL |
||
| 082 | 0 | 4 |
_221 _a616.992\ _bر ع |
| 100 | 0 | _aرشا على عبدالعزيز موسى | |
| 245 | 1 | 0 |
_aعلم نفس الاورام : _bpsycho - oncology / _cتاليف رشا على عبدالعزيز موسى ، عرفة حسنى عبدالحافظ حسن |
| 250 | _aط.1 | ||
| 260 |
_aالقاهرة : _bعالم الكتب، _c2019 |
||
| 300 |
_a322 ص. ؛ _c24 سم. |
||
| 504 | _aيشتمل على ارجاعات ببليوجرافية | ||
| 650 | 0 | 7 |
_aالاورام _2qrmak _xعلم نفس |
| 650 | 0 | 7 |
_aالسرطان _xعلم نفس _2qrmak |
| 650 | 0 | 7 |
_aالامراض _xعلم نفس _2qrmak |
| 651 | _2qrmak | ||
| 700 | 0 |
_aعرفة حسنى عبدالحافظ حسن _eمؤلف مشارك |
|
| 942 |
_2ddc _cBK |
||